Kỹ thuật điện tử /

Giáo trình này được chia làm 5 chương: Giới thiệu những khái niệm cơ bản về các thông số của mạch điện..., kỹ thuật xử lý các tín hiệu..., kỹ thuật xung-số, kỹ thuật biến đổi điện áp và dòng điện, hệ thống vi xử lý.

Zapisane w:
Opis bibliograficzny
1. autor: Đỗ Xuân Thụ.
Kolejni autorzy: Đặng Văn Chuyết., Nguyễn Viết Nguyên., Nguyễn Vũ Sơn.
Format: Książka
Język:Vietnamese
Wydane: Hà Nội : Giáo dục, 2000.
Hasła przedmiotowe:
Etykiety: Dodaj etykietę
Nie ma etykietki, Dołącz pierwszą etykiete!
Thư viện lưu trữ: Mạng thư viện Đại học Đà Nẵng
LEADER 01308cam a2200373 i 4500
001 000046740
003 6248
005 20050802105527.0
008 010306b2000 vm 000 vie
020 |c 24000 
022 |a T 
040 |a IRC  |c IRC  |d IRC 
041 0 |a vie 
082 1 4 |a 537.1  |b ĐÔ-T 
100 1 |a Đỗ Xuân Thụ. 
245 1 0 |a Kỹ thuật điện tử /  |c Đỗ Xuân Thụ chủ biên, Đặng Văn Chuyết, Nguyễn Viết Nguyên, Nguyễn Vũ Sơn. 
260 |a Hà Nội :  |b Giáo dục,  |c 2000. 
300 |a 271 tr. ;  |c 27 cm. 
520 3 |a Giáo trình này được chia làm 5 chương: Giới thiệu những khái niệm cơ bản về các thông số của mạch điện..., kỹ thuật xử lý các tín hiệu..., kỹ thuật xung-số, kỹ thuật biến đổi điện áp và dòng điện, hệ thống vi xử lý. 
630 0 4 |a Điện tử. 
650 0 4 |a Điện tử  |x Sửa chữa và bảo trì. 
700 1 |a Đặng Văn Chuyết. 
700 1 |a Nguyễn Viết Nguyên. 
700 1 |a Nguyễn Vũ Sơn. 
OWN |a DUT 
999 |a From the UDN01 
TYP |a Monograph 
TYP |a Printed language 
980 |a Mạng thư viện Đại học Đà Nẵng